Property's prophecies (Record no. 83710)

MARC details
000 -LEADER
fixed length control field 00850cab a22001935a 4500
001 - CONTROL NUMBER
control field L154704
008 - FIXED-LENGTH DATA ELEMENTS--GENERAL INFORMATION
fixed length control field 120116e20120106xxk 000 0 eng d
035 ## - SYSTEM CONTROL NUMBER
System control number (Sirsi) u154704
041 0# - LANGUAGE CODE
Language code of text/sound track or separate title eng
100 1# - MAIN ENTRY--PERSONAL NAME
Personal name Hatcher, David
245 00 - TITLE STATEMENT
Title Property's prophecies
260 ## - PUBLICATION, DISTRIBUTION, ETC.
Date of publication, distribution, etc. 2012
490 #0 - SERIES STATEMENT
Series statement Property Week
Volume/sequential designation 78(01) 6 January 2012, 26-29(4)
520 ## - SUMMARY, ETC.
Summary, etc. Explains how London retail and the Eurozone will shape the property market in 2012: Olympics' opportunities, the Shard, the London commercial property bubble, retail innovation to survive, and the London mayoral contest. Table gives the predictions of 10 property luminaries on 12 issues. Paul McNamara, former head of research at Prupim, gives his (satirical) take on the sector in 2022.
590 ## - LOCAL NOTE (RLIN)
Local note KA
650 24 - SUBJECT ADDED ENTRY--TOPICAL TERM
Topical term or geographic name entry element Commercial property
9 (RLIN) 6227
651 #4 - SUBJECT ADDED ENTRY--GEOGRAPHIC NAME
Geographic name United Kingdom
Chronological subdivision
942 ## - ADDED ENTRY ELEMENTS (KOHA)
Suppress in OPAC 0
Holdings
Withdrawn status Lost status Source of classification or shelving scheme Damaged status Not for loan Home library Current library Shelving location Date acquired Total Checkouts Full call number Barcode Date last seen Copy number Price effective from Koha item type
    Dewey Decimal Classification     London London Journal article 15/01/2012   L154704 154704-1001 06/08/2019 1 06/08/2019 Journal article